Responses for Show #3386 - Monday, May 3, 1999

1999 College Championship quarterfinal game 1.
From the Rosemont Theatre in Rosemont, Illinois.

Entire Double Jeopardy! Round replaced and replayed because Butch's signaling device wasn't working.

Contestants

[<< previous game]

Josh Levy, a senior at the University of Pennsylvania from Bethesda, Maryland

Carolyn Cracraft, a junior at the University of Chicago from San Jose, California

Butch Malec, a freshman at Reed College from Edinboro, Pennsylvania

[next game >>]

Jeopardy! Round responses

STATE CAPITALS
ANNUAL EVENTS
TV CHARACTERS
(Alex: I'll give you the characters, you ID the show.)
THE BODY HUMAN
PARENTS ARE PEOPLE TOO
CHAT ROOM CLICHES
(Alex: Online gathering places.)
    $100 1
(B: What is Birmingham?)

Montgomery

ButchCarolyn
    $100 17
Thames

Butch
    $100 2
Frasier

Butch
    $100 11
Intestine

Butch
    $100 8
Nest

Josh
    $100 20
For what it's worth

Triple Stumper
    $200 3
Indianapolis or Oklahoma City

Carolyn
    $200 30
February 2

Josh
    $200 4
South Park

Carolyn
    $200 18
Femur

Butch
    $200 9
Buddy

Carolyn
    $200 21
By the way

Josh
    $300 12
Salt Lake City

Josh
    $300 27
Japan

Josh
    $300 5
Will & Grace

Josh
    $300 19
Kidneys

Josh
    $300 10
Curfew

Carolyn
    $300 22
Laughing out loud

Carolyn
    $400 13
Baton Rouge

Carolyn
    $400 26
Saint George

Josh
    $400 6
Rugrats

Josh
    $900 23
(C: What is the esophagus?)

Diaphragm

Carolyn
    $400 15
(B: What is a ring?)

Piercing

ButchCarolyn
    $400 28
In my humble opinion

Josh
    $500 14
(B: What is New Orleans?)

Hartford

Butch
Triple Stumper
    $500 25
Switzerland

Carolyn
    $500 7
My So-Called Life

Carolyn
    $500 24
(and we have about a minute left...)

Coccyx

Butch
    $500 16
Custody

Carolyn
    $500 29
Hope this helps

Carolyn

Scores at the first commercial break (after clue 14):

Butch Carolyn Josh
-$400 $1,900 $1,100

Scores at the end of the Jeopardy! Round:

Butch Carolyn Josh
$0 $3,200 $2,900

Double Jeopardy! Round responses

SCIENCE & NATURE
WHAT'S THE DOG BREED?
CALL ME SMITTY
(Alex: It's all about people named Smith.)
THAT'S MY RUNNING MATE
(Alex: We'll give you the running mate, you have to identify the person who was at the head of the ticket.)
BLACK AMERICANS
GREEK ALPHABET SOUP
    $200 11
Zebra

Carolyn
    $200 16
Collie

Carolyn
    $200 5
John Smith

Butch
    $200 4
Walter Mondale

Carolyn
    $200 28
Colin Powell

Butch
    $200 1
Pi

Butch
    $400 12
Dust devil

Josh
    $400 17
German shepherd

Josh
    $400 8
Joseph Smith

Josh
    $400 24
(B: Who is...[time]?)
(J: Who is McGovern?)

Hubert Humphrey

ButchJosh
Triple Stumper
    $400 27
Jada Pinkett

Carolyn
    $400 2
Delta

Butch
    $600 13
Bones

Butch
    $600 18
Great Dane

Josh
    $600 9
Bessie Smith

Triple Stumper
    $600 25
(B: Who is...Nixon?)

Barry Goldwater

Butch
Triple Stumper
    $600 21
Jesse Jackson, Jr.

Carolyn
    $600 3
Alpha Centauri

Carolyn
    $1,400 14
Noble gases

Butch
    $800 19
cairn terrier

Carolyn
    $800 10
Liz Smith

Triple Stumper
    $800 30
Adlai Stevenson

Butch
    $800 22
Ralph Ellison

Josh
    $800 6
Gamma rays

Josh
    $1000 15
Antarctica

Josh
    $1000 20
(Josh: What is a husky?)
[Initially ruled incorrect; reversed before Final Jeopardy!]

malamute

Josh
    $1000 26
Adam Smith

Carolyn
    $1000 29
(B: Who is Herbert Hoover?)

Warren G. Harding

Butch
Triple Stumper
    $1000 23
(minute to go...)

Matthew Henson

Josh
    $1,200 7
Omega (The Omega Man)

Josh

Scores at the end of the Double Jeopardy! Round:

Butch Carolyn Josh
$1,800 $7,200 $10,100

Final Jeopardy! Round responses

ORGANIZATIONS
[Josh buries his head in his podium in agony, due to being close and how much he wagered, which possibly cost him a wildcard slot next week.]
[NOTE: Due to a technical problem with a contestant's signaling device, the Double Jeopardy! Round was replaced and replayed, and the program was edited.]
ButchWhat is the opening of M.B.
$1,200
CarolynWhat is the National Football League?
$0
JoshWhat is Major League Baseball?
$7,201
the American League

Final scores:

Butch Carolyn Josh
$600 $7,200 $2,899
3rd place: $2,500 if eliminated Automatic semifinalist 2nd place: $2,500 if eliminated

Game dynamics:

Coryat scores:

Butch Carolyn Josh
$1,200 $8,100 $9,900
12 R
(including 1 DD),
6 W
20 R,
1 W
(including 1 DD)
20 R
(including 1 DD),
1 W

Combined Coryat: $19,200

[game clues] [game scores] [suggest correction]

Game tape date: Unknown
The J! Archive is created by fans, for fans. Scraping, republication, monetization, and malicious use prohibited; this site may use cookies and collect identifying information. See terms. The Jeopardy! game show and all elements thereof, including but not limited to copyright and trademark thereto, are the property of Jeopardy Productions, Inc. and are protected under law. This website is not affiliated with, sponsored by, or operated by Jeopardy Productions, Inc. Join the discussion at JBoard.tv.